000 01014nam a22003017a 4500
001 4852
003 FISKH
005 20241018080529.0
008 241018b cb ||||| |||| 00| 0 eng d
020 _a9780763666422
040 _aFISKH
_beng
_cFISKH
_dFISKH
050 _aPZ7.M5815
082 _a813.6
100 _aMichalak, Jamie
_d(1994-)
245 _aJoe and sparky, superstars! /
_cJamie Michalak illustrated by Frank Remkiewicz
250 _aFirst paperback edition in this format 2013
260 _aMassachusetts :
_bCandlewick press,
_c2013.
300 _a42 pages :
_bColor illustrations ;
_c23 cm
505 _aG
520 _aWhen Joe the giraffe and his friend Sparky, a turtle, see a television talent show, Joe tries to find Sparky's talent so that they can compete.
521 8 _a420L
_bLexile
521 8 _aG
_bRaz-Plus
650 _2Animals
_aEasy reader
650 _2Fiction
_aFriendship
700 _aRemkiewicz, Frank
_dIllustrator
942 _2ddc
_cBK
_n0
999 _c4852
_d4852